LIBRARY & INFORMATION CENTRE, KCAET, TAVANUR

ONLINE PUBLIC ACCESS CATALOGUE (OPAC)

Economics of irrigation / (Record no. 2814)

MARC details
000 -LEADER
fixed length control field 00445cam a2200181ua 4500
020 ## - INTERNATIONAL STANDARD BOOK NUMBER
ISBN 0 85323 464 7
041 ## - LANGUAGE CODE
Language code of text/sound track or separate title eng
082 ## - DEWEY DECIMAL CLASSIFICATION NUMBER
Classification number 631.5875
Item number CAR/EC
100 ## - MAIN ENTRY--AUTHOR NAME
Personal name Carruthens, Ian .
245 ## - TITLE STATEMENT
Title Economics of irrigation /
260 ## - PUBLICATION, DISTRIBUTION, ETC. (IMPRINT)
Place of publication :
Name of publisher ELBS ,
Year of publication 1983.
300 ## - PHYSICAL DESCRIPTION
Number of Pages 300 ; .
700 1# - ADDED ENTRY--PERSONAL NAME
Personal name Clark collin, .
942 ## - ADDED ENTRY ELEMENTS (KOHA)
Koha item type Books
Holdings
Withdrawn status Lost status Damaged status Home library Current library Date acquired Full call number Accession Number Koha item type
      KAUAET KAUAET 27/03/1987 631.5875 16193 Books
free website counter